[Event "Challenge"]
[Site "http://www.queenalice.com/game.php?id=1378943"]
[Date "2015.8.22"]
[Round "-"]
[White "Lokdienst"]
[Black "whitehope"]
[Result "0-1"]
[WhiteElo "1595"]
[BlackElo "1484"]

1. h4 h5 2. g3 Nf6 3. e3 d5 4. Nf3 Bg4 5. Be2 e6 6. Ng5 Ne4 7. Nxe4 dxe4 8. Bxg4
hxg4 9. h5 f5 10. d3 g6 11. dxe4 Qxd1+ 12. Kxd1 Nd7 13. exf5 exf5 14. Ke2 O-O-O
15. e4 Ne5 16. exf5 gxf5 17. Bg5 Rd6 18. Nc3 Bh6 19. Be7 Re8 20. Bxd6 Nc4+ 21.
Kd3 Nxb2+ 22. Kd4 Rd8 23. Rab1 Rxd6+ 24. Nd5 Bg7+ 25. Kc5 b6+ 26. Nxb6+ Rxb6 27.
Rbe1 Na4+ 28. Kc4 Nb2+ 29. Kd5 Kd7 30. Rb1 Rb5# 0-1

[Event "Challenge"]
[Site "http://www.queenalice.com/game.php?id=1392941"]
[Date "2015.11.7"]
[Round "-"]
[White "whitehope"]
[Black "Lokdienst"]
[Result "0-1"]
[WhiteElo "1484"]
[BlackElo "1575"]

1. e4 d5 2. e5 a6 3. d4 h5 4. h4 g6 5. Nc3 Nc6 6. Nxd5 Qxd5 7. b3 Nxd4 8. c4
Qxe5+ 9. Be2 Nf3+ 10. gxf3 Qxa1 11. Nh3 Qxa2 12. Ng5 Bh6 13. Qd5 e6 14. Qe5 Bxg5
15. Bxg5 Rh7 16. O-O Qxb3 17. Qd4 Bd7 18. Rd1 Qa4 19. f4 f6 20. Bxf6 Nxf6 21.
Qxf6 Rf7 22. Qh8+ Rf8 23. Qg7 O-O-O 24. Qxg6 Rxf4 25. Qxh5 Rg8+ 26. Kf1 Qc6 27.
Qf7 Qh1# 0-1

[Event "Challenge"]
[Site "http://www.queenalice.com/game.php?id=1398034"]
[Date "2015.12.8"]
[Round "-"]
[White "whitehope"]
[Black "Lokdienst"]
[Result "0-1"]
[WhiteElo "1472"]
[BlackElo "1587"]

1. e4 d5 2. e5 d4 3. Nf3 c5 4. Bb5+ Bd7 5. d3 Bxb5 6. Na3 Bc6 7. c4 a6 8. O-O e6
9. Bf4 h6 10. Rb1 Nd7 11. b4 b5 12. h3 f6 13. exf6 Qxf6 14. Bc7 cxb4 15. Nc2
bxc4 16. Nfxd4 Rc8 17. Ba5 Bc5 18. Re1 Bxd4 19. Nxd4 Qxd4 20. Qh5+ Kf8 21. Bxb4+
Ne7 22. Rxe6 Kg8 23. Rxe7 Rf8 24. Rbe1 Qxf2+ 25. Kh2 Qxg2# 0-1

[Event "Challenge"]
[Site "http://www.queenalice.com/game.php?id=1398968"]
[Date "2015.12.15"]
[Round "-"]
[White "Lokdienst"]
[Black "whitehope"]
[Result "0-1"]
[WhiteElo "1600"]
[BlackElo "1461"]

1. d4 d5 2. g3 f5 3. h4 h5 4. e3 g6 5. c4 e6 6. c5 Nc6 7. Bb5 Bd7 8. Nf3 Bh6 9.
a4 Nf6 10. Ne5 Ne4 11. O-O Nxe5 12. dxe5 c6 13. Be2 g5 14. Bxh5+ Ke7 15. Nd2 Qc7
16. Nxe4 fxe4 17. f4 gxh4 18. g4 Rag8 19. b4 b6 20. g5 Bxg5 21. fxg5 Qxe5 22.
Ra2 Qxg5+ 23. Qg4 Qxh5 24. Qxg8 Rxg8+ 25. Kh1 h3 26. Rg1 Qf3+ 27. Kh2 Rxg1 28.
Kxg1 Qg3+ 29. Kh1 Qf3+ 30. Kh2 e5 31. a5 Qd1 32. axb6 axb6 33. cxb6 Bc8 34. Ba3
Qb3 35. b7 Qxa2+ 36. Kg3 Bxb7 37. Bc1 Qg2+ 38. Kh4 h2 39. Bd2 h1=Q# 0-1

[Event "Challenge"]
[Site "http://www.queenalice.com/game.php?id=1408850"]
[Date "2016.2.12"]
[Round "-"]
[White "whitehope"]
[Black "Lokdienst"]
[Result "1-0"]
[WhiteElo "1476"]
[BlackElo "1567"]

1. e4 d5 2. e5 e6 3. d4 Nc6 4. Be3 f6 5. exf6 Qxf6 6. Nf3 e5 7. Bg5 Qf5 8. Bd3
e4 9. Qe2 Be7 10. Bxe7 Ncxe7 11. Nh4 Qg4 12. Qxg4 Bxg4 13. f3 exd3 14. fxg4 dxc2
15. Nd2 Nc6 16. O-O O-O-O 17. Nf5 Nxd4 18. Nxd4 Nf6 19. Rac1 Ne4 20. Rxc2 c5 21.
Ne6 Rde8 22. Nxc5 Nxc5 23. Rxc5+ Kb8 24. Rxd5 Re2 25. Nc4 b6 26. Rd2 Rxd2 27.
Nxd2 Rd8 28. Ne4 a5 29. a4 Rd4 30. Rf8+ Ka7 31. Rf7+ Ka6 32. Nf2 Rxa4 33. h3
Ra1+ 34. Kh2 Rf1 35. Kg3 Rb1 36. Nd3 b5 37. Rxg7 a4 38. Rxh7 b4 39. Nxb4+ Kb5
40. Rb7+ Kc4 41. Nc6 Kd5 42. Na5 Ke5 43. Nc4+ Kd5 44. Rb4 1-0

[Event "Challenge"]
[Site "http://www.queenalice.com/game.php?id=1411519"]
[Date "2016.2.28"]
[Round "-"]
[White "Lokdienst"]
[Black "Sergio50"]
[Result "1-0"]
[WhiteElo "1545"]
[BlackElo "1396"]

1. d4 c6 2. e4 e6 3. Nf3 h6 4. c4 Bb4+ 5. Bd2 Bxd2+ 6. Qxd2 f6 7. d5 cxd5 8.
cxd5 b6 9. Nc3 a6 10. e5 Ne7 11. dxe6 dxe6 12. Qxd8+ Kxd8 13. exf6 gxf6 14. Rd1+
Bd7 15. a4 Nbc6 16. b3 e5 17. Bd3 Nb4 18. O-O Rg8 19. g3 Rc8 20. Ne4 Rc6 21. h3
Bxh3 22. Rfe1 f5 23. Nxe5 Re6 24. Bc4+ Nbd5 25. Bxd5 Nxd5 26. Rxd5+ Kc7 27. Rd7+
Kb8 28. Nd6 Ka8 29. Kh2 Bg4 30. f4 Bh5 31. Rc1 Rb8 32. Rcc7 Rf8 33. Ra7+ 1-0

[Event "Challenge"]
[Site "http://www.queenalice.com/game.php?id=1414950"]
[Date "2016.3.25"]
[Round "-"]
[White "whitehope"]
[Black "Lokdienst"]
[Result "1-0"]
[WhiteElo "1496"]
[BlackElo "1547"]

1. e4 d5 2. e5 d4 3. c3 dxc3 4. Nxc3 Qd4 5. Nf3 Qd8 6. d4 Nc6 7. a3 f6 8. Bc4
fxe5 9. dxe5 a6 10. Qxd8+ Kxd8 11. O-O Nh6 12. Ng5 Ke8 13. Bf4 b5 14. Bd5 Bb7
15. Rad1 Rd8 16. Ne6 a5 17. Nxd8 Nxd8 18. Nxb5 Bxd5 19. Nxc7+ Kf7 20. Rxd5 Nc6
21. e6+ Kg8 22. Rc1 Nf5 23. Rxf5 Nd4 24. Re5 g6 25. Rc4 Nf5 26. Ne8 h5 27. h3
Bh6 28. g4 hxg4 29. hxg4 Ng7 30. Bxh6 Rxh6 31. Rc8 Nxe8 32. Rxe8+ Kg7 33. Rxe7+
Kf6 34. g5+ 1-0

[Event "Challenge"]
[Site "http://www.queenalice.com/game.php?id=1415127"]
[Date "2016.3.26"]
[Round "-"]
[White "Lokdienst"]
[Black "whitehope"]
[Result "1-0"]
[WhiteElo "1529"]
[BlackElo "1530"]

1. d4 d5 2. e3 Nf6 3. c4 e6 4. c5 Ne4 5. f3 Qh4+ 6. Ke2 Ng3+ 7. hxg3 Qxh1 8. Nh3
e5 9. Nd2 Bxh3 10. gxh3 Qh2+ 11. Ke1 Qxg3+ 12. Ke2 Qh2+ 13. Kd3 e4+ 14. fxe4
dxe4+ 15. Nxe4 Nc6 16. a3 f5 17. Ng5 Qg3 18. Ne6 Ne5+ 19. dxe5 Qxe5 20. Qb3 Bxc5
21. Kc2 Kd7 22. Nxc5+ Qxc5+ 23. Bc4 Rae8 24. Kb1 Rxe3 25. Bxe3 Qd6 26. Ka2 Qc6
27. Rd1+ Kc8 28. Bxa7 b6 29. Bb5 Qb7 30. Qe6# 1-0

[Event "Challenge"]
[Site "http://www.queenalice.com/game.php?id=1421460"]
[Date "2016.5.5"]
[Round "-"]
[White "dejami"]
[Black "Lokdienst"]
[Result "0-1"]
[WhiteElo "1825"]
[BlackElo "1555"]

1. e4 h5 2. Bc4 e6 3. h4 a6 4. d3 b5 5. Bb3 Nc6 6. c3 a5 7. Nh3 a4 8. Bc2 b4 9.
Bxa4 Ne5 10. Bc2 c5 11. c4 g6 12. Bg5 Be7 13. Bf4 d6 14. b3 Bxh4 15. g3 Bf6 16.
Nd2 g5 17. Be3 Ng4 18. Nf3 Nxe3 19. fxe3 g4 20. Nf4 gxf3 21. Qxf3 Bxa1 22. Ne2
Nf6 23. Kd2 Rxa2 24. Rd1 Bc3+ 25. Nxc3 bxc3+ 26. Ke1 Rxc2 27. e5 dxe5 28. Qc6+
Nd7 29. d4 Rg8 30. Qh1 Rxg3 0-1

[Event "Challenge"]
[Site "http://www.queenalice.com/game.php?id=1428110"]
[Date "2016.6.18"]
[Round "-"]
[White "dejami"]
[Black "Lokdienst"]
[Result "0-1"]
[WhiteElo "1777"]
[BlackElo "1582"]

1. e4 e5 2. Bc4 Nf6 3. d3 c6 4. g4 h6 5. h3 d5 6. exd5 Nxd5 7. Nf3 b5 8. Bb3 Nd7
9. Qe2 Bd6 10. d4 O-O 11. O-O Qf6 12. c3 Nf4 13. Qe4 Bb7 14. Bc2 Ng6 15. h4 Rae8
16. g5 Qe6 17. Kg2 exd4 18. Qxd4 Nde5 19. Re1 c5 20. Qd1 Bxf3+ 21. Qxf3 Nxf3 22.
Kxf3 Qh3# 0-1

[Event "Challenge"]
[Site "http://www.queenalice.com/game.php?id=1435271"]
[Date "2016.8.8"]
[Round "-"]
[White "Lokdienst"]
[Black "whitehope"]
[Result "0-1"]
[WhiteElo "1606"]
[BlackElo "1452"]

1. h4 h5 2. e4 e5 3. g4 g6 4. g5 d6 5. Bh3 Bxh3 6. Rxh3 f6 7. Nf3 fxg5 8. Nxg5
Be7 9. Rf3 Nf6 10. Nc3 c5 11. Nd5 Nc6 12. Ne6 Qd7 13. Nxf6+ Bxf6 14. Rxf6 Nd4
15. Rxg6 Nxe6 16. Qf3 O-O-O 17. Qf6 Nd4 18. Kd1 Qh3 19. Rg1 Rhf8 20. Qxd8+ Rxd8
21. Ke1 Nf3+ 22. Ke2 Nxg1+ 23. Ke1 Qh1 0-1

[Event "Challenge"]
[Site "http://www.queenalice.com/game.php?id=1435272"]
[Date "2016.8.8"]
[Round "-"]
[White "whitehope"]
[Black "Lokdienst"]
[Result "0-1"]
[WhiteElo "1470"]
[BlackElo "1584"]

1. e4 d5 2. Nc3 f5 3. exd5 f4 4. d3 g5 5. Qh5+ Kd7 6. Qxg5 Nf6 7. Qf5+ Ke8 8.
Be2 Bxf5 9. Bxf4 Nbd7 10. Nb5 a6 11. Nxc7+ Kf7 12. Nxa8 Qxa8 13. Nf3 Rg8 14. O-O
Nxd5 15. Ng5+ Ke8 16. Bh5+ Bg6 17. Bxg6+ hxg6 18. Bd2 Rh8 19. Nf3 g5 20. Bc3 Rh7
21. Nxg5 Rh5 22. Ne6 Bh6 23. Nc7+ Nxc7 24. Rae1 b5 25. Bb4 e6 26. Ba5 Nd5 27.
Rxe6+ Kf7 28. Rd6 Ke7 29. Rg6 Nf4 30. Re1+ Kf7 31. Rg4 Ne5 32. Rg3 Qc8 33. Bc3
Qe6 34. Rge3 Qg4 35. Rg3 Nf3+ 36. gxf3 Nh3+ 37. Kg2 Nf4+ 38. Kh1 Qh4 39. h3 Nxh3
40. Kg2 Nf4+ 41. Kf1 Qh1+ 42. Rg1 Qh3+ 43. Rg2 Qxg2# 0-1

[Event "Challenge"]
[Site "http://www.queenalice.com/game.php?id=1442306"]
[Date "2016.9.21"]
[Round "-"]
[White "Lokdienst"]
[Black "whitehope"]
[Result "0-1"]
[WhiteElo "1595"]
[BlackElo "1459"]

1. e4 d5 2. Nc3 Nf6 3. f3 e5 4. a4 d4 5. Nce2 Nc6 6. c3 Bc5 7. c4 Be6 8. d3 Nb4
9. a5 O-O 10. g4 h6 11. h4 g6 12. Bxh6 Re8 13. Ng3 Bf8 14. g5 Nh5 15. Nxh5 gxh5
16. f4 Bg4 17. Be2 Bxh6 18. gxh6 Qd6 19. Bxg4 hxg4 20. Ra3 Nxd3+ 21. Rxd3 Qxh6
22. Qxg4+ Kf8 23. Rg3 exf4 24. Qg8+ Ke7 25. Qg5+ Qf6 26. e5 Qxg5 27. Rxg5 Kd8
28. Nf3 f6 29. Rf5 fxe5 30. Nxe5 c6 31. c5 Kc7 32. Kd2 Rad8 33. Rf7+ Kb8 34.
Nd7+ Kc8 35. Re1 Re3 36. Nf8 Rde8 37. Rxe3 fxe3+ 38. Ke2 d3+ 39. Kxd3 e2 0-1

[Event "OS INCLIVEIS"]
[Site "http://www.queenalice.com/game.php?id=1451167"]
[Date "2016.11.21"]
[Round "-"]
[White "adelio"]
[Black "Lokdienst"]
[Result "0-1"]
[WhiteElo "1762"]
[BlackElo "1574"]

1. d4 Nf6 2. c4 d5 3. Nc3 dxc4 4. e4 e5 5. dxe5 Ng4 6. Qxd8+ Kxd8 7. Bxc4 Nxe5
8. Bb3 Nd3+ 9. Ke2 Ne5 10. Bf4 f6 11. Bxe5 fxe5 12. Nf3 Bg4 13. h3 Bxf3+ 14.
gxf3 Nc6 15. Nd5 Nd4+ 16. Ke3 Bc5 17. Kd3 c6 18. Ne3 Kc7 19. Rhd1 Rad8 20. Nd5+
cxd5 21. Bxd5 Nxf3 22. Ke2 Nd4+ 23. Kd3 Rhf8 24. Rac1 Rf3+ 25. Kc4 Kd6 26. a4 a6
27. b4 Bb6 28. Bxb7 Rd7 29. Rxd4+ Bxd4 30. b5 Rxb7 31. bxa6 Rc7+ 32. Kb4 Rxc1
33. a5 Rb1+ 34. Ka4 Rxf2 35. Ka3 Rfb2 36. a7 Ra1# 0-1

[Event "OS INCLIVES"]
[Site "http://www.queenalice.com/game.php?id=1451168"]
[Date "2016.11.21"]
[Round "-"]
[White "Lokdienst"]
[Black "adelio"]
[Result "1-0"]
[WhiteElo "1598"]
[BlackElo "1802"]

1. h4 g6 2. Nh3 d5 3. g3 e5 4. d4 Bd6 5. c3 Nc6 6. Bg2 Bxh3 7. Bxh3 h6 8. e3 e4
9. h5 Qg5 10. hxg6 Qxg6 11. Na3 a6 12. c4 Nb4 13. Bf1 c6 14. cxd5 b5 15. dxc6
Nxc6 16. Qb3 Nf6 17. Bxb5 Kd7 18. Bxc6+ Kxc6 19. Qc4+ Kd7 20. Qa4+ Ke7 21. Bd2
Rhb8 22. Nc4 Nd5 23. Rc1 Bb4 24. Ne5 Bxd2+ 25. Kxd2 Rxb2+ 26. Rc2 Rxc2+ 27. Qxc2
Qd6 28. Nc6+ Kd7 29. Ne5+ Ke7 30. Rb1 Nb4 31. Qxe4 Qd5 32. Ng6+ Kf6 33. Qe7+
Kxg6 34. Qxb4 Qg2 35. Qd6+ f6 36. Qf4 Qc6 37. g4 Qd7 38. Qe4+ Kg5 39. Qxa8 Qxg4
40. Qg8+ Kf5 41. Qh7+ Kg5 42. Rb6 Qf3 43. Qg7+ Kh5 44. Rxf6 Qg4 45. Rxh6# 1-0

[Event "OS INCLIVES"]
[Site "http://www.queenalice.com/game.php?id=1451173"]
[Date "2016.11.21"]
[Round "-"]
[White "adelio"]
[Black "Lokdienst"]
[Result "1/2-1/2"]
[WhiteElo "1752"]
[BlackElo "1622"]

1. b4 b5 2. e4 Ba6 3. d4 f6 4. d5 e5 5. dxe6 d6 6. Nf3 Ne7 7. Nc3 c6 8. a4 Qc8
9. axb5 cxb5 10. Nxb5 Bxb5 11. Bxb5+ Nbc6 12. Nd4 Rb8 13. Be3 Kd8 14. c4 Nxd4
15. Qxd4 Nc6 16. Bxc6 Qxc6 17. Qxa7 Qc7 18. Qxc7+ Kxc7 19. Ra7+ Rb7 20. O-O Rxa7
21. Bxa7 Be7 22. b5 Ra8 23. b6+ Kb7 24. Ra1 Bd8 25. Rb1 Rc8 26. Rb4 g6 27. Kf1
Be7 28. Ra4 Re8 29. f4 f5 30. e5 dxe5 31. fxe5 Bd8 32. Ra5 Bxb6 33. Bxb6 Kxb6
34. Rb5+ Kc6 35. Ra5 Rxe6 36. Ra6+ Kd7 37. Ra7+ Ke8 38. Rxh7 Rxe5 39. h4 Rc5 40.
Rg7 Rxc4 41. Rxg6 Rxh4 42. Rg5 Rf4+ 43. Ke2 Kf7 44. g3 Re4+ 45. Kf3 Kf6 46. Rg8
Kf7 47. Rg5 Kf6 48. Rg8 Kf7 1/2-1/2

[Event "Challenge"]
[Site "http://www.queenalice.com/game.php?id=1455700"]
[Date "2016.12.20"]
[Round "-"]
[White "whitehope"]
[Black "Lokdienst"]
[Result "1-0"]
[WhiteElo "1471"]
[BlackElo "1627"]

1. e4 e5 2. Nf3 Nc6 3. Bb5 a6 4. Bxc6 bxc6 5. Nxe5 f6 6. Qh5+ g6 7. Nxg6 Kf7 8.
Nxh8+ Ke6 9. Qf7+ Kd6 10. Qxg8 Qe7 11. Nf7+ Kc5 12. d4+ Kxd4 13. Be3+ Kc4 14.
Nd6+ Kb4 15. a3+ Ka5 16. Nc4+ Kb5 17. Nc3# 1-0

[Event "Challenge"]
[Site "http://www.queenalice.com/game.php?id=1455724"]
[Date "2016.12.20"]
[Round "-"]
[White "Lokdienst"]
[Black "whitehope"]
[Result "1-0"]
[WhiteElo "1605"]
[BlackElo "1493"]

1. h4 h5 2. g3 f5 3. Nh3 e5 4. e3 Nc6 5. b3 d5 6. d4 e4 7. f4 Nf6 8. Ba3 Bxa3 9.
Nxa3 a6 10. c4 Nb4 11. Nc2 Nxc2+ 12. Qxc2 Ng4 13. Ng5 Qe7 14. Be2 Bd7 15. cxd5
Qb4+ 16. Qd2 Qxd2+ 17. Kxd2 O-O-O 18. Nf7 Rhf8 19. Nxd8 Rxd8 20. Rhc1 Bb5 21.
Bxb5 axb5 22. a3 Rxd5 23. b4 Nh2 24. Ke2 c6 25. a4 bxa4 26. Rxa4 Rb5 27. Rc5
Rxc5 28. dxc5 1-0

[Event "Challenge"]
[Site "http://www.queenalice.com/game.php?id=1490188"]
[Date "2017.8.14"]
[Round "-"]
[White "whitehope"]
[Black "Lokdienst"]
[Result "0-1"]
[WhiteElo "1481"]
[BlackElo "1617"]

1. e4 d5 2. exd5 Qxd5 3. c4 Qe5+ 4. Be2 c6 5. d4 Qd6 6. c5 Qe6 7. Nf3 h6 8. O-O
Nf6 9. Ne5 b6 10. Bc4 Nd5 11. Nc3 g6 12. Qb3 Bb7 13. Nxd5 cxd5 14. Qa4+ Kd8 15.
Bb5 Bg7 16. c6 Bc8 17. Bf4 Bxe5 18. Rac1 Bxf4 19. c7+ Bxc7 20. Qc2 Qd6 21. Rfe1
a6 22. Bd3 Bf5 23. Bxf5 gxf5 24. Qxf5 Qxh2+ 25. Kf1 Nd7 26. Qxd5 Rc8 27. Qxf7
Re8 28. Rc6 Qh1+ 29. Ke2 Qxg2 30. Kd1 Qxc6 0-1

[Event "Challenge"]
[Site "http://www.queenalice.com/game.php?id=1490612"]
[Date "2017.8.17"]
[Round "-"]
[White "whitehope"]
[Black "Lokdienst"]
[Result "1-0"]
[WhiteElo "1463"]
[BlackElo "1628"]

1. e4 d5 2. e5 d4 3. c3 f6 4. Nf3 c5 5. Bb5+ Bd7 6. a4 a6 7. Bc4 Nh6 8. cxd4
cxd4 9. Nxd4 Nc6 10. Nxc6 Bxc6 11. exf6 gxf6 12. Qh5+ Nf7 13. Bxf7+ Kd7 14. d4
Qb6 15. Qg4+ Kd8 16. O-O Be8 17. Bxe8 Kxe8 18. Nc3 e6 19. Be3 Rd8 20. a5 Qc6 21.
Ne4 Be7 22. Qg7 Rf8 23. Bh6 Rf7 24. Qh8+ Bf8 25. Bxf8 Rxf8 26. Qxh7 Rd7 27. Qg6+
Rdf7 28. Nc5 e5 29. Rfe1 Kd8 30. Qd3 Kc8 31. Rac1 Kb8 32. dxe5 Ka8 33. b4 Rb8
34. e6 Rg7 35. g3 Qb5 36. Qd2 Rc7 37. Nd7 Rxc1 38. Rxc1 Re8 39. Nb6+ Ka7 40. Re1
Qc6 41. e7 f5 42. Qd4 Qb5 43. Nc8+ Kb8 44. Nd6 Qd7 45. Nxe8 1-0